| 000 | 00653nam a22001817a 4500 | ||
|---|---|---|---|
| 999 |
_c64006 _d64006 |
||
| 005 | 20260306175519.0 | ||
| 008 | 260306s2015 enk||||| |||| 00| 0 eng d | ||
| 020 | _a9781405167017x | ||
| 041 | _aeng | ||
| 080 | _a24(520):008:94 D-29 | ||
| 100 |
_aDeal, William E. _927081 |
||
| 245 |
_aA Cultural History of Japanese Buddhism / _c William E. Deal, Brian Ruppert. |
||
| 264 |
_aOxford : _bWiley-Blackwell, _c2015. |
||
| 300 |
_a303 p.; _b23 cm. |
||
| 653 | _aიაპონური ბუდიზმის კულტურული ისტორია | ||
| 700 |
_aRuppert, Brian _eავტორი _927082 |
||
| 942 |
_2udc _cᲬᲘᲒᲜᲘ |
||